000 00946nam a2200229 a 4500
001 41164
003 BD-RjUL
005 20211209053336.0
008 160516s1990 ii ||||| |||| 00| 0 ben d
020 _c: IRs 100.00
035 _a(BD-RjUL)41280
040 _aBD-RjUL
_bben
_cBD-RjUL
041 _aben
082 _223
_a070.5492
_bRAU 1990
100 _aরায়, দেবেশ
_9126305
245 1 0 _aউপনিবেশের সমাজ ও বাংলা সাংবাদিক গদ্য :
_bউনিশ শতকের প্রথমার্ধ নিয়ে কিছু অনুমান /
_cদেবেশ রায়
260 _aকলিকাতা :
_bপ্যাপিরাজ,
_c১৯৯০
300 _a৫৬৮ পৃ. ;
_c২১ সেমি.
650 _aসংবাদপত্র
_zবাংলাদেশ
_9126621
650 _aJournalism
_zBangladesh
_9124493
942 _2ddc
_cBK
999 _c41164
_d41164